zpět

Detail výsledku týmu

The PUB Praha 6 , Praha

Datum a čas kvízu

40 Celkem bodů Celkový počet nahraných bodů na tomto kvízu bez doplňovacích otázek.
1. Pořadí na kvízu Konečné umístění týmu na tomto kvízu.

Zaznamenané odpovědi

# Otázka Odpověď Body Výsledky
1. Nově zvolený poslanec za KDU-Č... kroj 1
2. Tichomořské souostroví s popul... Tuvalu 0
3. Na svatého Martina vydala jedn... Mirai 1
4. Potravinářská firma Dr. Oetker... Krtkův dort 1
5. Počátkem týdne bylo představen... 1. Chybí bambule. 2. Místo symbolů k ošetřování jsou použity symboly některých zimních sportů. 1
6. Budeme se zabývat osobnostmi,... Bertramka; Don Giovanni, La clemenza di Tito 1
7. Posuneme se do doby přelomu 16... Edward Kelley 1
8. Zde vidíme dvě fotografie jedn... Shirley Temple (provdaná Black) 1
9. Napíšete-li jméno muže na obrá... Robert Fulghum, Všechno, co opravdu potřebuju znát, jsem se naučil v mateřské školce 0.5
10. A na závěr představíme dva ciz... Vrbětice 1